VIET NAM THE ORIGINS OF REVOLUTION / (Record no. 616582)

000 -LEADER
fixed length control field 00358nam a22001337a 4500
020 ## - INTERNATIONAL STANDARD BOOK NUMBER
Qualifying information HB.
040 ## - CATALOGING SOURCE
Transcribing agency FIZZA ISHAQ
082 ## - DEWEY DECIMAL CLASSIFICATION NUMBER
Classification number 959.7
Author Mark JOH
100 ## - MAIN ENTRY--PERSONAL NAME
Personal name JR.McALISTER T.JOHN.
9 (RLIN) 133622
245 ## - TITLE STATEMENT
Title VIET NAM THE ORIGINS OF REVOLUTION /
Statement of responsibility, etc. JOHN T.McALISTER,JR.
260 ## - PUBLICATION, DISTRIBUTION, ETC.
Place of publication, distribution, etc. NEW YORK ;
Name of publisher, distributor, etc. PRINCETON,
Date of publication, distribution, etc. 1969.
300 ## - PHYSICAL DESCRIPTION
Extent 377 P. ;
Dimensions 8.5X5.7IN
942 ## - ADDED ENTRY ELEMENTS (KOHA)
Source of classification or shelving scheme
Koha item type Book
Holdings
Withdrawn status Lost status Source of classification or shelving scheme Damaged status Not for loan Permanent Location Current Location Shelving location Date acquired Total Checkouts Full call number Barcode Date last seen Price effective from Koha item type
          NUST Baluchistan Campus (NBC) NUST Baluchistan Campus (NBC) Reference 03/10/2026   959.7 JOH QD-725 03/10/2026 03/10/2026 Book
© 2023 Central Library, National University of Sciences and Technology. All Rights Reserved.